Escudos de seleções da Copa do Mundo de 1970 - Statistics

Estatísticas Gerais
  • Esse quiz foi jogado 67 vezes
  • A pontuação média é 14 de 16
Estatísticas das Respostas
Imagem Resposta % Correto
Alemanha
100%
Brasil
100%
Itália
100%
México
100%
Romênia
100%
Inglaterra
98%
Peru
98%
Suécia
98%
União Soviética
98%
Uruguai
95%
Bulgária
94%
Marrocos
84%
Israel
77%
Tchecoslováquia
77%
Bélgica
61%
El Salvador
53%
Nenhum quiz correspondente encontrado
Distribuição das Pontuações
Porcentagem de Pessoas com Cada Pontuação
Percentil de Números Respondidos
Sua Pontuação Histórica
Você não jogou esse quiz